00737nam a22002177a 4500003000800000005001700008008004100025020001800066040002300084041000800107082002200115100002300137245007200160264007500232300002700307337000600334490007300340650002200413650005500435651002900490MIRAKIL20211214000614.0  a9786052954430 cTR-AnCHPaTR-AnCHP atur a813.42bA72k 20181 aAtaç, Osman Ata,10aKarmaşa ve bir düzen:Türkiye Cumhuriyeti /cOsman Ata Ataç. 1aİstanbul:bTürkiye İş Bankası Kültür yayınları,c2018.  axıı, 351 s.;c20 sm. bn0 aTürkiye İş Bankası Kültür yayınları;vGenel yayın:4178 0aTürk edebiyatı 0aSiyaset ve yönetimxTürkiyezTürkiyey19 yy. 0aTürkiyexTarihy19 yy.